The rings of dimension two /
Guardado en:
| Autor Principal: | |
|---|---|
| Formato: | Libro |
| Idioma: | English |
| Publicado: |
New York :
M. Dekker,
c1976.
|
| Series: | Lecture notes in pure and applied mathematics ;
22 |
| Materias: | |
| Etiquetas: |
Agregar Etiqueta
Sin Etiquetas, Sea el primero en etiquetar este registro!
|
| LEADER | 00745nam a2200241 a 4500 | ||
|---|---|---|---|
| 001 | MAT.inmabb002917 | ||
| 008 | 770223s1976####nyu######b####001#0#eng## | ||
| 005 | 20130308131016.0 | ||
| 245 | 1 | 4 | |a The rings of dimension two / |c Wolmer V. Vasconcelos. |
| 260 | |a New York : |b M. Dekker, |c c1976. | ||
| 300 | |a x, 101 p. ; |c 26 cm. | ||
| 490 | 0 | |a Lecture notes in pure and applied mathematics ; |v 22 | |
| 504 | |a Bibliografía: p. 97-99. | ||
| 510 | 4 | |a MR, |c 55 #324 | |
| 020 | |a 0824764471 | ||
| 100 | 1 | |a Vasconcelos, Wolmer V. | |
| 650 | 0 | |a Commutative rings. | |
| 650 | 0 | |a Dimension theory (Algebra) | |
| 650 | 0 | |a Homology theory. | |
| 084 | |a 13-02 |2 msc2000 | ||
| 010 | |a 76000592 | ||
| 040 | |a DLC |c DLC |d DLC | ||
| 859 | |h 13 |i V331r |p A-4945 |b BIB. MATEMATICA | ||
